000
00281nam a22001337a 4500
020
_a
81-204-0517-x
041
_a
ENG
100
_a
Gupta .I.C
245
_a
Use Of Saline Water In Agriculture
260
_a
Delhi
_b
Oxford
_c
1990
300
_a
306
650
_a
IDE
856
_u
IDE
999
_c
395
_d
395